[Event "Bad Homburg"]
[Site "Bad Homburg"]
[Date "1998.07.20"]
[Round "4"]
[White "Gabriel, Christian"]
[Black "Jussupow, Artur"]
[Result "1/2-1/2"]
[WhiteElo "2555"]
[BlackElo "2630"]
[Annotator "Tsesarsky,I"]
[PlyCount "82"]
[EventDate "1998.07.17"]
[EventType "tourn"]
[EventRounds "9"]
[EventCountry "GER"]
[EventCategory "13"]
[SourceTitle "CBM 066"]
[Source "ChessBase"]
[SourceDate "1998.09.30"]
[SourceVersion "1"]
[SourceVersionDate "1998.09.30"]
[SourceQuality "1"]

1. Nf3 d5 2. d4 Nf6 3. c4 e6 4. Nc3 Nbd7 5. cxd5 exd5 6. Bg5 Be7 7. e3 O-O 8.
Bd3 Re8 9. Qc2 Nf8 10. O-O c6 11. Bxf6 Bxf6 12. b4 Bg4 13. Nd2 Rc8 14. Rfc1 (
14. Rab1 Re7 (14... Qd6 15. Bf5 Bxf5 16. Qxf5 g6 17. Qd3 Ne6 18. Rfc1 Bd8 19.
Na4 Bc7 20. g3 h5 21. b5 h4 22. bxc6 hxg3 23. hxg3 b6 24. Nc3 $16 (24. Nf3 Ng7
(24... Nd8 25. Nc3 Nxc6 26. Nb5 Qf6 27. Rxc6 $16) 25. Nc3 $16 {1-0 Johnen,
D-Dallmann,V/Kassel op 1994 (45)})) 15. Qb3 a6 16. Na4 h5 17. Nc5 Qe8 18. a4 g6
19. Kh1 h4 20. h3 (20. Rfc1 $2 h3 $15 {0-1 Dedorson,T-Greiff,H/SVE-ch op Vaxjo
1992 (33)}) 20... Bh5 21. b5 $14) (14. Bf5 Bxf5 15. Qxf5 Qd7 (15... Ne6 16.
Rab1 g6 17. Qd3 Bg7 18. Na4 b6 19. Rfd1 Qd7 20. Nc3 Red8 21. Nf3 $14 {Bagirov,
V-Klovans,J/URS-ch31 Leningrad 1963/1/2-1/2 (79)}) (15... Be7 16. Rab1 b5 (
16... a6 17. a4 (17. Rfc1 Bd6 18. a4 g6 19. Qd3 f5 20. g3 {1/2-1/2 Zilberman,
N-Bagirov,V/Frunze 1983}) 17... Bd6 18. Rb3 Re6 19. Rfb1 Rf6 20. Qd3 Rh6 21. f4
g5 22. g3 gxf4 23. exf4 Ne6 24. Ne2 Qf8 25. Nf1 f5 26. Ne3 Ng7 27. b5 $14 {
Euwe,M-Guimard,C/New York Wer mem 1951/1-0 (72)}) 17. a4 a5 18. axb5 Bxb4 19.
Rbc1 cxb5 20. Ndb1 Bxc3 21. Nxc3 b4 22. Nxd5 Rxc1 23. Rxc1 Ne6 $132 {0-1 Frey,
K-Condie,M/Dubai olm 1986 (40)}) (15... g6 16. Qd3 Qd6 (16... Ne6 17. Rac1 a6
18. Nb3 Qe7 19. Nc5 a5 20. a3 axb4 21. axb4 Ra8 22. Ra1 Red8 23. N3a4 Qc7 $132
{Gross,R-Florath,P/NWL-I 1993/1/2-1/2 (54)}) 17. Rfb1 (17. Rab1 Ne6 18. Rfc1
Kg7 19. Rc2 Rc7 20. Na4 b6 21. a3 h5 22. Rbc1 Bxd4 23. exd4 Nf4 24. Qf1 Ne2+
25. Kh1 Nxd4 $6 (25... Nxc1 26. Qxc1 $14) 26. Rb2 Ne2 27. Ne4 $1 $16 (27. Rd1
Rce7 28. Nf3 Qf6 29. Rbd2 Re4 30. Nb2 Nc3 31. Rc1 $14 {1/2-1/2 Raicevic,
V-Robert,A/Bern op 1988 (41)})) 17... Bg7 18. a4 Nd7 19. Ra2 Re6 20. Rc2 Rce8
21. Nb3 Nf6 22. h3 b6 23. Nc1 Bh6 24. N1e2 Nh5 25. b5 Qd7 26. bxc6 Rxc6 27. Qb5
$14 {1-0 Reshevsky,S-Miagmasuren,L/Sousse izt 1967 (32)}) 16. Qxd7 Nxd7 17. a4
Be7 18. Rfb1 (18. Rab1 Nf6 19. Rfc1 a6 20. a5 Bd6 21. Na4 Ne4 22. Nxe4 Rxe4 23.
Nc5 Re7 $11 {1/2-1/2 Doeve,M-Rosemann,U/NRW-II 1990 (38)}) 18... Nf6 19. a5 a6
20. Na4 Bf8 21. Nc5 Re7 22. Kf1 Ne8 $11 {Kortschnoj,V-Karpov,A/Wch29-Baguio
City 1978/1-0 (71)}) 14... Qd6 (14... Be7 15. Rab1 Bd6 (15... g6 16. Qb3 Be6
17. Qb2 Nd7 18. Rc2 Bd6 19. Rbc1 Qe7 20. a3 f5 21. Nb3 Nf6 $132 {0-1
Zilberstein,V-Klovans,J/SSSR 1973 (44)}) 16. Bf5 Bxf5 17. Qxf5 Re6 18. Qc2 Rh6
19. g3 Qd7 20. Nf1 Bb8 21. Na4 b6 22. Rb3 c5 23. b5 c4 $15 {Colm,D-Datu,I/WchJ
Baguio 1987/0-1 (61)}) (14... Bh5 15. Rab1 Bg6 16. a4 Ne6 17. Nf3 Ng5 18. Nxg5
Bxg5 19. Bxg6 hxg6 20. Qd3 Bf6 $14 {Kertesz,A-Renzel,H/Dortmund op 1988/1/2-1/
2 (54)}) 15. Rab1 g6 (15... a6 16. Na4 Bd8 17. Nc5 Rc7 18. Bf5 Bxf5 19. Qxf5 g6
20. Qf3 Ne6 21. a4 Rce7 22. b5 axb5 23. axb5 Nxc5 24. dxc5 Qd7 25. Nb3 Bc7 26.
g3 $132 {Uhlmann,W-Braeuning,R/GER-ch 1993/1/2-1/2 (97)}) 16. Nb3 Nd7 (16...
Re7 17. Qd2 (17. b5 cxb5 18. Nxb5 Rxc2 19. Nxd6 Rxa2 20. Rc5 Rd7 (20... Be6 21.
Nc1 Rd2 22. Rxb7 Rxb7 23. Nxb7 Bf5 24. Bf1 Bh4 25. g3 Rd1 26. Kg2 $14) 21. Ne8
Bh8 $15) 17... a6 18. a4 Rce8 19. b5 axb5 20. axb5 $14) 17. a4 Kg7 18. Qa2 (18.
b5 c5 19. h3 Be6 (19... Bxh3 20. gxh3 (20. dxc5 Nxc5 21. gxh3 Nxa4 22. Nxa4
Rxc2 23. Rxc2 Qe6 24. Kg2 d4 25. Nxd4 Bxd4 26. exd4 Qd5+ 27. Kg1 Qxd4 28. Nb2
$132) 20... c4 21. Bf1 cxb3 22. Qxb3 Nb6 23. Bg2 $16) 20. dxc5 Nxc5 21. Nxc5
Rxc5 22. Qd2 Rec8 23. Ne2 d4 $11) 18... h5 19. b5 $5 (19. h3 Be6 20. Nc5 Nxc5
21. bxc5 Qd7 22. a5 a6 23. Rb4 Rc7 24. Rcb1 Re7 25. Qc2 $14) 19... c5 20. Qa3
Be7 (20... b6 21. a5 Qe6 22. e4 $5 $132) 21. Bf1 b6 (21... Bf5 22. Ra1 b6 23.
a5 $132) 22. Qb2 Nf6 (22... c4 23. Nd2 Bf6 24. Ra1 $11) 23. Ra1 Bd8 24. g3 (24.
dxc5 $6 bxc5 25. g3 d4 26. exd4 cxd4 $15) 24... h4 25. Bg2 hxg3 26. hxg3 c4 27.
Nd2 Bf5 28. Re1 (28. Nf3 Rh8 29. Ne5 Bc7 30. Nc6 a5 (30... Bh3 $2 31. Nxa7 Bxg2
32. Kxg2 Ra8 33. Nc6 Ng4 34. Kg1 (34. Rh1 Nxe3+ $17) 34... Nxe3 35. Qe2 $1 (35.
fxe3 Qxg3+ 36. Qg2 Qxe3+ $19) 35... Nf5 36. Qe5+ Qxe5 37. dxe5 $16) 31. Qa3 Qe6
32. Ne7 Rcd8 33. Nxf5+ Qxf5 34. Ra2 Bd6 35. Qb2 $132) 28... Bc7 29. e4 $5 (29.
Rac1 Rcd8 $11) 29... dxe4 (29... Nxe4 30. Ncxe4 Bxe4 31. Nxe4 dxe4 32. Bxe4 Bd8
$11) (29... Bxe4 30. Ncxe4 Nxe4 31. Nxe4 dxe4 32. Bxe4 Bd8 $11) 30. Ncxe4 Bxe4
31. Nxe4 Nxe4 32. Rxe4 Rxe4 33. Bxe4 Bd8 $11 34. Qc3 Bf6 35. Rd1 Qe6 36. Bf3 (
36. Qc2 $6 c3 37. d5 Qg4 38. d6 Rd8 39. Bc6 Bd4 40. Kg2 Rxd6 $17) 36... Rd8 37.
Kg2 Rd6 38. Re1 Qc8 39. Rd1 Rd8 40. Be2 Qb7+ 41. Bf3 Qc8 1/2-1/2

[Event "Bad Homburg"]
[Site "Bad Homburg"]
[Date "1996.??.??"]
[Round "2"]
[White "Alterman, Boris"]
[Black "Gabriel, Christian"]
[Result "1/2-1/2"]
[WhiteElo "2590"]
[BlackElo "2565"]
[Annotator "Tsesarsky,I"]
[PlyCount "41"]
[EventDate "1996.07.20"]
[EventType "tourn"]
[EventRounds "9"]
[EventCountry "GER"]
[EventCategory "12"]
[SourceTitle "CBM 055"]
[Source "ChessBase"]
[SourceDate "1996.12.01"]
[SourceVersion "1"]
[SourceVersionDate "1996.12.01"]
[SourceQuality "1"]

1. d4 d5 2. c4 c6 3. Nf3 Nf6 4. Nc3 e6 5. Bg5 Nbd7 6. cxd5 exd5 7. e3 Be7 8.
Bd3 O-O 9. Qc2 Re8 10. O-O Nf8 11. Rab1 a5 12. a3 Bd6 13. Rfe1 (13. b4 Bg4 (
13... Ng6 14. Rfe1 (14. h4 axb4 15. axb4 Bg4 16. Bf5 Bxf3 17. gxf3 h6 18. h5
Nf8 19. Bh4 Be7 20. Bxf6 Bxf6 21. b5 c5 22. Qb3 cxd4 23. Nxd5 dxe3 24. fxe3 Re5
$15 {0-1 Martig,M-Toth,B/Bern op (01) ;EXP 51 1996 (36)}) 14... axb4 15. axb4
Bg4 16. Nh4 Bd7 17. h3 Ra3 18. Nxg6 hxg6 19. b5 Qa5 20. Rec1 Bb4 21. Rb3 cxb5
22. Bxf6 gxf6 23. Qb2 Rxb3 24. Qxb3 Rc8 $17 {0-1 Spiess,G-Gabriel,C/GER-CupT
9192 (1992) ;BIG 90 1992 (32)}) 14. Nd2 axb4 (14... Bd7 15. Nf3 Bg4 16. Nd2 Bd7
17. Bxf6 Qxf6 18. Rfe1 axb4 19. axb4 b5 20. Nf1 {1/2-1/2 El Assiouti,
S-Abdulghafour,Y/Doha op (04) ;EXT 92op 1992}) 15. axb4 Bh5 16. h3 h6 17. Bxf6
Qxf6 18. Rfe1 g5 19. g3 Bg6 20. b5 h5 $132 {1-0 Gauglitz,G-Boensch,U/Dresden 
(08) ;MCL 04 1985 (38)}) (13. Rfc1 Ng6 14. Ne2 Bg4 15. Ng3 Qe7 16. Bf5 Bxf3 17.
gxf3 h6 18. Bxg6 hxg5 19. Bd3 g6 20. Qc3 a4 21. Re1 Qd7 22. e4 dxe4 23. fxe4
Bf4 24. Rbd1 Qh3 $10 {0-1 Stoeber,M-Halasz,T/Dortmund op (11) ;EXT 90op 1990 
(38)}) 13... Bg4 14. Nd2 Bh5 15. Nf1 Bg6 16. b4 (16. Na4 Bxd3 17. Qxd3 h6 18.
Bh4 Ng6 19. Bxf6 Qxf6 20. g3 h5 21. Kg2 h4 22. f4 Ne7 23. g4 g5 24. f5 Kg7 25.
Nc3 h3+ 26. Kh1 Ng8 27. e4 $36 {0-1 Tomaszewski,R-Boensch,U/Polanica Zdroi
1987 (46)}) 16... axb4 17. axb4 h6 18. Bxf6 Qxf6 19. b5 Bxd3 20. Qxd3 Ng6 {
[%cal Yg6e7,Ye7f5,Yf6f5]} 21. bxc6 (21. bxc6 bxc6 $132 {[%csl Ye4,Rc6][%cal
Gb1b6,Ga8a3,Ge1c1] +/=}) 1/2-1/2

[Event "DEN-ch"]
[Site "Esbjerg"]
[Date "1997.03.29"]
[Round "8"]
[White "Larsen, Bent"]
[Black "Hansen, Lars Bo"]
[Result "0-1"]
[WhiteElo "2520"]
[BlackElo "2545"]
[Annotator "Tsesarsky,I"]
[PlyCount "84"]
[EventDate "1997.03.22"]
[EventType "tourn"]
[EventRounds "9"]
[EventCountry "DEN"]
[EventCategory "10"]
[SourceTitle "CBM 060"]
[Source "ChessBase"]
[SourceDate "1997.09.29"]
[SourceVersion "1"]
[SourceVersionDate "1997.09.29"]
[SourceQuality "1"]

1. d4 d5 2. c4 e6 3. Nf3 Nf6 4. Nc3 Nbd7 5. Bg5 c6 6. cxd5 exd5 7. e3 Be7 8.
Bd3 O-O 9. Qc2 Re8 10. O-O-O Nf8 11. Kb1 (11. Bxf6 Bxf6 12. h3 Be6 13. Kb1 Rc8
14. Rhf1 (14. g4 b5 $2 $16 {1/2-1/2 Kortschnoj,V-Yusupov,A/Dortmund 1994 (48)}
(14... c5 $1 15. Bb5 Nd7 16. Ne5 cxd4 $10)) 14... g6 15. g4 c5 16. dxc5 Qa5 17.
Nb5 Be7 18. Qd2 Qxd2 19. Rxd2 Bxc5 20. Rc2 a6 21. Rfc1 Bb6 (21... Bxe3 22. Rxc8
(22. fxe3 axb5 23. Bxb5 Rxc2 24. Kxc2 Rc8+ 25. Kd2 Rxc1 26. Kxc1 $11) 22...
Bxc8 (22... Rxc8 23. Rxc8 Bxc8 24. Nd6 Bxf2 25. Nxc8 $18) 23. Nd6 Bxc1 24. Nxe8
Bh6 25. Nd6 Bd7 26. Nxb7 Bb5 27. Bxb5 axb5 28. Nd6 b4 29. Nc8 $1 $16) 22. Rxc8
Rxc8 23. Rxc8 Bxc8 24. Nd6 $18 {1-0 Spassky,B-Sermier,A/FRA-chT 1993 (40)}) (
11. h4 Be6 12. Kb1 (12. Bxf6 Bxf6 13. Ng5 Bxg5 $6 (13... h6 14. Nxe6 (14. f4
Bg4 15. Rde1 Rc8 $15) 14... Nxe6 15. g3 $132) 14. hxg5 g6 15. f4 $14 {1-0
Savon,V-Karasev,V/URS-ch38 Riga 1970 (55)}) 12... Rc8 13. h5 Qa5 14. Bxf6 Bxf6
15. Bf5 c5 16. Bxe6 fxe6 17. Qd2 $14 {1-0 Polugaevsky,L-Klovans,J/URS-ch31
Leningrad 1963 (32)}) 11... Ne4 (11... Be6 12. Ne5 (12. h3 Qa5 13. Bxf6 Bxf6
14. Nd2 Rac8 15. Rc1 Be7 16. Rhd1 a6 17. Ne2 Qb6 18. Nb3 Kh8 19. Nc5 Bxc5 20.
dxc5 Qd8 21. Nd4 $14 {1/2-1/2 Alber,H-Schwarz,P/Hessen-ch Doernigheim 1994 (40)
}) 12... Rc8 13. f4 Ng4 14. Bxe7 Rxe7 15. Rhe1 f6 16. Nf3 Bf7 17. Qd2 Nh6 18.
h3 Bg6 19. g4 Bxd3+ 20. Qxd3 Nf7 21. g5 $132 {1/2-1/2 Azmaiparashvili,Z-Flear,
G/Belgrade GMA 1988 (85)}) 12. Bxe7 $6 (12. h4 $1 Nxg5 13. hxg5 g6 14. Ne5 Bxg5
15. f4 Bf6 16. g4 Bxe5 17. dxe5 Bxg4 18. Rdg1 h5 19. Rxg4 $1 hxg4 20. Qh2 f5 (
20... f6 21. Ne4 Re6 22. Nc5 $18) 21. e4 $3 g3 22. Qh8+ Kf7 23. exf5 gxf5 24.
Bxf5 (24. Rh7+ $1 Nxh7 25. Qxh7+ Kf8 26. Qxf5+ Ke7 (26... Kg7 27. Qh7+ Kf8 28.
Qh6+ Kg8 29. Bh7+ Kf7 30. Bg6+ Ke6 31. Qh3+ Ke7 32. Qh7+ Kf8 (32... Ke6 33.
Qf7#) 33. Qf7#) 27. Qf6+ Kd7 28. Qd6+ Kc8 29. Bf5+ $18) 24... g2 (24... Re7 25.
Rh6 $18) 25. Qh5+ Ke7 26. Qg5+ Kf7 27. Qxg2 $18 {1-0 Nisman,B-Burlaev/USSR 1967
} (27. Bg6+ Nxg6 28. Rh7+ Kg8 29. Qxg6+ $18)) (12. Bxe4 Bxg5 13. Nxg5 Qxg5 14.
Bd3 (14. h4 $1 $14) 14... Bg4 $132 {1/2-1/2 Rist,M-Lenhardt,M/GER-ch Sued Ulm
1995 (19)} (14... Qxg2 $5)) 12... Nxc3+ 13. Qxc3 Qxe7 $14 (13... Rxe7 14. h3
$14 (14. Rc1 $14)) 14. Rc1 (14. h3 $14) 14... Be6 (14... Bg4 15. Ne5 Bh5 16. g4
Bg6 17. Nxg6 Nxg6 18. Qc2 $14) 15. h4 $6 $11 Rec8 16. h5 h6 (16... b6 17. h6 g6
18. Rhe1 $1 $14 {[%cal Ge3e4,Gc3g7]} (18. e4 dxe4 19. d5 f6 20. dxe6 exd3 21.
Rhd1 c5 $17)) 17. Ne5 (17. Nh4 $5 Re8 (17... b6 18. Nf5 Qf6 19. g4 c5 $132) 18.
Rcg1 (18. Nf5 Qg5 (18... Bxf5 19. Bxf5 $14) 19. f4 Qf6 20. g4 Bxf5 21. Bxf5 Re7
$15) 18... Rac8 19. g4 c5 20. g5 hxg5 21. Nf3 f6 22. h6 $132) 17... Rc7 (17...
Nd7 18. f4 Re8 $11) 18. f4 $6 (18. f3 $11) 18... Re8 $15 {[%csl Re3]} 19. Ka1 (
19. g4 $6 f6 20. Ng6 Nxg6 21. Bxg6 Bf7 22. Bxf7+ (22. Rh3 Bxg6+ 23. hxg6 Qe4+
$17) 22... Qxf7 23. Rhg1 Rce7 24. Rg3 Re4 $15) 19... Qd6 20. g4 $2 (20. Rhe1 f6
21. Ng6 Nxg6 22. Bxg6 Bf7 $15) 20... f6 21. Ng6 (21. f5 Bc8 22. Ng6 Rxe3 $19)
21... Bxg4 $17 22. Nh4 (22. Rh4 Bf3 23. Nxf8 Kxf8 24. Bg6 Ree7 $17) (22. Nxf8
Kxf8 23. Bg6 Ree7 $17) 22... Be6 23. Rhg1 Rec8 (23... b6 $17) 24. Bf5 $6 (24.
Rg3 $142 c5 25. Rcg1 Kh8 (25... cxd4 26. Qxd4 Rc1+ 27. Bb1 Rxg1 28. Rxg1 $11 {
[%csl Ra7,Rf6]}) 26. dxc5 Rxc5 27. Qd4 Rc1+ 28. Bb1 Rxg1 29. Rxg1 Qc5 $17)
24... c5 25. Qa3 b6 26. Rcd1 (26. Bb1 Qd7 $19) 26... Qd7 27. Bb1 c4 (27... Bg4
$6 28. Rd2 Bxh5 $2 29. Nf5 $44) 28. Qc3 Qd6 29. e4 $2 (29. Nf5 Bxf5 30. Bxf5
Re8 $17) 29... dxe4 $19 30. d5 $8 Bd7 (30... Qxf4 31. Ng2 Qf3 32. dxe6 Nxe6
$132) 31. Qg3 g5 32. hxg6 $2 (32. fxg5 $1 Qxg3 33. Rxg3 fxg5 (33... hxg5 $2 34.
Bxe4 Re8 35. Rd4 Kf7 (35... Re5 $2 36. Nf3) 36. h6 $1 Rxe4 37. Rxe4 f5 38. Rd4
gxh4 39. Rxh4 $14) 34. d6 Rc5 (34... Ba4 35. b3 cxb3 36. axb3 Rc3 37. Rxc3 Rxc3
38. bxa4 gxh4 39. d7 Nxd7 40. Rxd7 $14) 35. Bxe4 Re8 $17) 32... c3 $1 $19 33.
g7 cxb2+ 34. Kxb2 Nh7 35. Qe1 (35. f5 Qb4+ 36. Qb3 Rc4 37. Qxb4 Rxb4+ 38. Ka1 (
38. Ka3 a5 $19) 38... Ng5 $19) 35... f5 36. Ng6 Rc3 $4 (36... Be8 $1 37. Ne5
Bh5 38. Rd4 Nf6 $19) 37. Ka1 $4 (37. Qh4 $1 Qb4+ (37... Qa3+ $4 38. Ka1 Rh3 39.
Qf2 (39. Ne7+ Kf7 $19) 39... Be8 (39... e3 40. Qe2 (40. Qb2 Qxb2+ 41. Kxb2)
40... Qc3+ 41. Qb2 Qxb2+ 42. Kxb2 Re8 43. d6 (43. Ne5) 43... e2 44. Rde1 Rhe3
45. Nh4 $16 (45. Ne7+ R8xe7 46. dxe7 Rxe7 47. Rg2 $14)) 40. Qd4 Bxg6 41. Rxg6
$132) 38. Ka1 Re8 39. Qxh6 (39. d6 Rc1 $3 $19) 39... Rf3 40. Qh2 e3 41. Qb2 $11
) 37... Ba4 38. Qh4 (38. Rd4 Be8 39. Nh4 Qf6 40. Nxf5 Qxf5 41. Bxe4 Rc1+ 42.
Qxc1 Rxc1+ 43. Rxc1 Qf6 $19) 38... R3c7 39. Rc1 Re8 (39... Rxc1 40. Ne7+ Qxe7 (
40... Kf7 41. Rxc1 $14) 41. Qxe7 Rxg1 42. Qe6+ Kxg7 43. Qxc8 Nf6 $17) 40. Qg3
Rxc1 41. Rxc1 Nf6 42. Bc2 Rc8 0-1

[Event "Veterans-Women"]
[Site "Copenhagen"]
[Date "1997.??.??"]
[Round "8"]
[White "Zhu, Chen"]
[Black "Portisch, Lajos"]
[Result "0-1"]
[WhiteElo "2515"]
[BlackElo "2610"]
[Annotator "Tsesarsky,I"]
[PlyCount "78"]
[EventDate "1997.07.23"]
[EventType "schev"]
[EventRounds "10"]
[EventCountry "DEN"]
[SourceTitle "CBM 061"]
[Source "ChessBase"]
[SourceDate "1997.11.23"]
[SourceVersion "1"]
[SourceVersionDate "1997.11.23"]
[SourceQuality "1"]

1. d4 {Baburin,A} Nf6 2. c4 e6 3. Nc3 d5 4. cxd5 exd5 5. Bg5 c6 6. e3 h6 7. Bh4
(7. Bxf6 $2 Qxf6 8. Bd3 Bd6 9. Nf3 $5 (9. Nge2) 9... O-O 10. O-O (10. h3) 10...
Bg4 11. Qb3 $4 Bxf3 12. Qxb7 Bxh2+ 13. Kh1 Qh4 14. Qe7 {0-1 Junior
Pentium-Huzman Alex/Nir-Galim ISR 1994}) (7. Bf4 Bd6 8. Nge2 O-O 9. h3 Re8 10.
g4 Bxf4 11. Nxf4 c5 12. Nfe2 Nc6 13. Bg2 cxd4 14. Nxd4 Qb6 $15 {1/2-1/2
Spraggett,K-Gomez,M/Oviedo 1992 (46)}) 7... Be7 (7... Qb6 8. Qc2 g5 9. Bg3 Bg7
10. Bd3 Be6 11. Nge2 Nbd7 12. Rb1 Qb4 13. f3 (13. O-O O-O 14. a3 $14) 13... Nh5
14. Bf2 Bf6 15. e4 $2 Nf4 $2 (15... dxe4 16. fxe4 Bxa2 $17) 16. Nxf4 gxf4 17.
a3 $14 {1-0 Stanec,N-Bawart,M/Velden op 1996/EXT 96op2 (29)}) (7... Bb4 8. Bd3
g5 9. Bg3 Ne4 10. Qc2 Nxg3 11. hxg3 Be6 12. Nf3 Nd7 13. a3 Bxc3+ 14. bxc3 $14 {
1/2-1/2 Zilberman N R-Kataev S/t 1983 (27)}) (7... g6 8. Bd3 Bg7 9. Nf3 O-O 10.
Qc2 Re8 11. O-O Nbd7 12. Rfe1 (12. Rab1 Qe7 13. b4 $14) 12... g5 13. Bg3 Nh5
14. e4 Nxg3 15. hxg3 dxe4 16. Nxe4 g4 17. Nd6 Rxe1+ 18. Rxe1 Nf6 $17 {0-1
Terentiev V-Katalymov B N/Ch URS ( 1966 (40)}) (7... Bd6 8. Bd3 O-O 9. Nge2 Re8
10. Qc2 Nbd7 11. h3 Nf8 12. g4 (12. O-O-O Be6 13. g4 Be7 14. Rdg1 $14 (14. f4
$6 N6h7 15. Bf2 Bh4 16. Bxh4 Qxh4 17. Rdg1 Bd7 $132 {1-0 Thallinger,H-Jamrich,
G/Budapest FS05 IM 1995 (34)})) 12... Ne6 13. O-O-O b5 14. Rhg1 Bb7 15. Bf5 Ng5
16. Bxg5 hxg5 17. h4 b4 (17... gxh4 18. g5 Nd7 19. g6 $40) 18. hxg5 bxc3 19.
gxf6 cxb2+ 20. Kb1 (20. Qxb2 Rb8 21. fxg7 Ba6 $19) 20... Qxf6 21. g5 Qd8 22.
Rh1 (22. Bh7+ Kf8) 22... Ba6 23. g6 $16 {1-0 Lancz Ondrej-Lukac Roman/Slovak
League 1995 (48)}) (7... Bf5 8. Qf3 Bh7 (8... Be6 9. Bxf6 Qxf6 10. Qxf6 gxf6
11. Bd3 Rg8 12. g3 Nd7 13. Nf3 Nb6 14. O-O Nc4 15. b3 Nd6 16. Nh4 $16 {1-0 Ree,
H-Arnason,A/Reykjavik 1987 (34)}) (8... Qb6 $2 9. Qxf5 Qxb2 10. Qc8+ Ke7 11.
Rb1 Qxc3+ 12. Kd1 g5 13. Bg3 Ne4 14. Nf3 Bg7 15. Rxb7+ Kf6 16. Be5+ Kg6 17.
Nh4+ gxh4 18. Qe6+ fxe6 19. Rxg7+ Kf5 20. g4+ hxg3 21. Bh3# {Zaitsev,I}) 9.
Bxf6 gxf6 10. Rd1 $5 (10. Qd1) 10... Qb6 11. Bd3 Qxb2 12. Nge2 Bxd3 13. Rxd3
Nd7 14. e4 $44 {~/= Thorsteins,K-Greenfeld,A/Polanica Zdroj 1987}) 8. Bd3 O-O (
8... Be6 9. Nge2 Nh5 10. Bxe7 Qxe7 11. Qb3 O-O 12. O-O g6 13. Rae1 b6 14. Qc2
Nd7 15. f3 c5 16. Qd2 Rad8 17. Bb1 $14 {1/2-1/2 Vaganian,R-Hoffman,A/Biel 1994/
CBM 43 (38)}) 9. f3 (9. Nge2 Nbd7 10. O-O Ne4 11. Bxe7 Qxe7 12. Qc2 Ndf6 13.
Rae1 (13. Rab1 a5 14. a3 Bf5 15. h3 (15. Na4 Ng4 $1 $132) (15. b4 axb4 16. axb4
Nxc3 17. Nxc3 Bxd3 18. Qxd3 b5 $11) 15... Rfe8 $11 (15... Nxc3 16. bxc3 Bxd3
17. Qxd3 b5 18. a4 $14)) 13... Bf5 14. Nf4 Nxc3 15. bxc3 Bxd3 16. Nxd3 Qc7 17.
c4 dxc4 18. Qxc4 Ne4 19. Re2 Qa5 20. Rc1 Nd6 21. Qc5 Qa6 22. Qxd6 Qxd3 23. Rb2
$14 {Southam,T-Vokey,C/North Bay op 1994/EXT 94op/1-0 (47)}) (9. h3 Ne4 10.
Bxe7 Qxe7 11. Nge2 Nd7 12. Qc2 Ndf6 13. O-O Re8 14. Rae1 Nxc3 15. bxc3 Ne4 16.
f3 Nd6 17. e4 Bd7 18. e5 Nc8 19. f4 $14 {1-0 Martin,B-Van der Hoorn,M/North
Island op 1990/EXT 90op2 (29)}) 9... Re8 10. Nge2 Nbd7 11. O-O Nf8 {Baburin:
In the system with f2-f3, move ...h6 is not the most useful one for Black, as
it weakens his kingside and helps White to move the dark-squared bishop away
from the h4-d8 diagonal, if necessary.} (11... Bd6 12. e4 $14) 12. Qc2 Bd7 {
Baburin: Usually, in this line, Black develops the bishop to e6, but there it
may be hit later on. Black's idea is interesting. He prepared ...Rc8 and was
ready for a further ...c5.} (12... Ne6 13. Rae1 Ng5 $5 $132) 13. h3 N6h7 14.
Bf2 (14. Bxe7 Qxe7 15. e4 dxe4 16. fxe4 Rad8 $11) 14... Rc8 (14... Ng5 15. e4
Bxh3 (15... dxe4 16. fxe4 Bf6 (16... Ng6 17. e5 Nf8 18. Rad1 Be6 19. Nf4 $14) (
16... b6 17. Rad1 c5 18. dxc5 (18. d5 Bd6 $15 {[%csl Re5]}) 18... Bxc5 19. Bxc5
bxc5 20. Nd5 $11) 17. e5 Be7 18. Rad1 $14) 16. gxh3 Nxh3+ 17. Kh1 Nxf2+ 18.
Rxf2 Bd6 19. e5 $16) 15. Kh1 {Baburin: White is spending too much time
preparing e3-e4.} ({Baburin: Perhaps, White should have tried the immediate} 
15. e4 {Baburin,A  . Then, if} dxe4 16. fxe4 c5 {,White could have started
targeting the b7- and f7- pawns by playing} 17. Qb3 $5 $36) 15... Bd6 16. Rae1
(16. Qb3 Qb6 $11) 16... Bb8 17. Ng1 (17. e4 Be6 $11) ({Baburin: Everything was
prepared for the advance in the centre,} 17. e4 $1 {Baburin,A Baburin: but,
suddenly, White changed her mind and went for a different set-up.}) 17... Nf6
18. f4 $5 (18. e4 Qc7 19. e5 Ne6 20. Nge2 Nh5 21. Be3 Qd8 22. f4 $14) 18... c5
$5 19. dxc5 Ne6 $1 (19... Rxc5 $2 20. e4 Rc8 21. e5 $14) 20. b4 b6 21. Ba6 Rc6
22. Bh4 $2 (22. Bb5 Rc8 23. Ba6 $11 (23. f5 Ng5 $11)) 22... g5 $1 $17 {Baburin:
The whole board went on fire, and Black managed to get the best of it in the
game.} 23. fxg5 hxg5 24. Bb5 (24. Bf2 bxc5 25. Bb5 cxb4 26. Bxc6 Qc7 27. Nf3
Qxc6 $19) 24... gxh4 25. Bxc6 Bxc6 (25... Nh5 26. Rxf7 $1 (26. Nce2 Bxc6 $17)
26... Ng3+ 27. Kh2 Ne4+ 28. Kh1 Bxc6 (28... Kxf7 29. Nxe4 Bxc6 30. Nd6+ {
See next variation}) 29. Nxe4 $8 Kxf7 30. Nd6+ Bxd6 31. Qh7+ Kf6 $1 (31... Kf8
$2 32. cxd6 Qf6 33. Qxa7 Ng5 34. d7 Rd8 35. Qxb6 Ne4 36. Nf3 $16) 32. Rf1+ Bf4
33. Qh6+ Ke7 34. Qh7+ $11) 26. b5 (26. Qf5 bxc5 27. bxc5 (27. Qxf6 Qxf6 28.
Rxf6 Be5 $19) 27... Qc7 28. Nf3 Ne4 $19) 26... Nh5 $19 27. Nge2 Qc7 28. Kg1
Qh2+ 29. Kf2 d4 (29... Bd7 $19) 30. bxc6 dxc3 31. Qa4 Nxc5 (31... Bg3+ 32. Nxg3
(32. Kf3 Ng5+ 33. Kg4 Re4+ 34. Qxe4 Nxe4 $19) 32... Qxg3+ (32... Nef4 33. exf4
Qxg3+ 34. Kg1 Rxe1 35. c7 Rxf1+ 36. Kxf1 Qd3+ 37. Kf2 $11) 33. Kg1 Nef4 34.
exf4 Rxe1 35. c7 Rxf1+ 36. Kxf1 $11) 32. Qg4+ Ng7 33. Rd1 Qe5 34. Qf3 c2 (34...
Ne4+ 35. Ke1 c2 $19) 35. Rd4 Ne4+ 36. Rxe4 Qxe4 37. Qxe4 Rxe4 38. Nd4 Ne6 39.
Nxc2 Rc4 0-1